000 01373cam a22003494a 4500
999 _c7375
_d7375
001 14011825
003 OSt
005 20200120150046.0
008 050622s2007 mauab b 001 0 eng
010 _a 2005049643
020 _a9780070667037
020 _a0070667039
040 _aDLC
_cDLC
_dDLC
042 _apcc
050 0 0 _aHD38.5
_b.B697 2007
082 0 0 _a658.7
_222
_bBOW/S
100 _a Bowersox, Donald J
_91309
245 1 0 _aSupply chain logistics management /
_cDonald J. Bowersox, David J. Closs, M. Bixby Cooper.
250 _a2nd ed.
260 _aBoston, Mass. :
_bMcGraw-Hill/Irwin,
_cc2007.
300 _axiv, 410 p. :
_bill., map ;
_c26 cm.
440 0 _aMcGraw-Hill/Irwin series operations and decision sciences
504 _aIncludes bibliographical references and indexes.
650 0 _aBusiness logistics.
700 1 _aCloss, David J.
_91356
700 1 _aCooper, M. Bixby
_91359
856 4 2 _3Publisher description
_uhttp://www.loc.gov/catdir/enhancements/fy0625/2005049643-d.html
856 4 1 _3Table of contents only
_uhttp://www.loc.gov/catdir/enhancements/fy0625/2005049643-t.html
906 _a7
_bcbc
_corignew
_d1
_eocip
_f20
_gy-gencatlg
942 _2ddc
_cBK
_h658.7
_iBOW/S
_k658.7
_mBOW/S